[Event "Morava-ch"]
[Site "Orlova"]
[Date "2023.10.29"]
[Round "9"]
[White "Samohyl, Adam"]
[Black "Smidek, Prokop"]
[Result "1-0"]
[WhiteElo "1509"]
[BlackElo "1388"]
[PlyCount "80"]
[EventDate "2023.10.24"]
[EventType "swiss"]
[EventRounds "9"]
[EventCountry "CZE"]
[SourceTitle "Mega2024 Update 01"]
[Source "Chessbase"]
[SourceDate "2023.11.12"]
[SourceVersion "1"]
[SourceVersionDate "2023.11.12"]
[SourceQuality "1"]

1. d4 d5 2. c4 e6 3. Nc3 Nf6 4. cxd5 exd5 5. Bg5 Be7 6. e3 0-0 7. Bd3 b6 8. Nf3 Bb7 9. 0-0 Nbd7 10. Qc2 h6 11. Bh4 c5 12. dxc5 Nxc5 13. Be2 Nfe4 14. Bxe7 Qxe7 15. Rad1 Rfd8 16. Rd4 Rac8 17. Nxe4 Ne6 18. Nc3 Nxd4 19. Nxd4 a6 20. Bf3 b5 21. Qf5 b4 22. Nxd5 Bxd5 23. Bxd5 Rc5 24. Bxf7+ Kh8 25. Qe6 Qc7 26. g3 Rf8 27. Bg6 Rc1 28. Qxa6 Rxf1+ 29. Qxf1 Qa5 30. Qc4 b3 31. a3 Qe1+ 32. Qf1 Qd2 33. Qe2 Qc1+ 34. Kg2 Rd8 35. Bf7 Qc7 36. Bxb3 Qb7+ 37. Qf3 Qb6 38. Qf7 Rb8 39. Ne6 Rg8 40. Nf4 Rf8 1-0

[Event "Zlin Region-chT 2223"]
[Site "Czech Republic"]
[Date "2023.04.02"]
[Round "11.6"]
[White "Mazoch, Jiri"]
[Black "Samohyl, Adam"]
[Result "1/2-1/2"]
[WhiteElo "1944"]
[BlackElo "1532"]
[PlyCount "90"]
[EventDate "2022.10.09"]
[EventType "team-tourn"]
[EventRounds "11"]
[EventCountry "CZE"]
[SourceTitle "EXT 2024"]
[Source "ChessBase"]
[SourceDate "2023.10.10"]
[SourceVersion "1"]
[SourceVersionDate "2023.10.10"]
[SourceQuality "1"]
[WhiteTeam "Kromeriz Slavia III"]
[BlackTeam "Zlin Malenovice"]
[WhiteTeamCountry "CZE"]
[BlackTeamCountry "CZE"]

1. e4 c5 2. Nc3 e6 3. f4 Nc6 4. Nf3 a6 5. g3 b5 6. Bg2 Bb7 7. d3 d6 8. Be3 Be7 9. 0-0 Qc7 10. f5 exf5 11. Nd5 Qd8 12. exf5 Nf6 13. Nxe7 Nxe7 14. Bg5 Nfd5 15. c4 h6 16. Bd2 Nf6 17. Bc3 0-0 18. Bxf6 gxf6 19. Qd2 Kh7 20. Ng5+ fxg5 21. Bxb7 Ra7 22. Bg2 f6 23. Qe3 Nc8 24. Rae1 Re7 25. Qf2 Rfe8 26. Bc6 Rxe1 27. Rxe1 Rxe1+ 28. Qxe1 b4 29. Bb7 Qe7 30. Qe4 Qxe4 31. dxe4 Nb6 32. b3 a5 33. Bc6 Nc8 34. Kf2 Ne7 35. Bd7 Kg7 36. Kf3 h5 37. h3 Kf8 38. Ke3 Ng8 39. Be6 Nh6 40. Ke2 Nf7 41. Bxf7 Kxf7 42. Kf3 Ke7 43. Ke3 Kd7 44. Kd3 Ke7 45. Kc2 Kd7 1/2-1/2

[Event "Zlin Region-chT 2223"]
[Site "Czech Republic"]
[Date "2023.03.19"]
[Round "10.7"]
[White "Slizek, Josef"]
[Black "Samohyl, Adam"]
[Result "0-1"]
[WhiteElo "1795"]
[BlackElo "1532"]
[PlyCount "96"]
[EventDate "2022.10.09"]
[EventType "team-tourn"]
[EventRounds "11"]
[EventCountry "CZE"]
[SourceTitle "EXT 2024"]
[Source "ChessBase"]
[SourceDate "2023.10.10"]
[SourceVersion "1"]
[SourceVersionDate "2023.10.10"]
[SourceQuality "1"]
[WhiteTeam "Valasska Bystrice Sokol"]
[BlackTeam "Zlin Malenovice"]
[WhiteTeamCountry "CZE"]
[BlackTeamCountry "CZE"]

1. e4 c5 2. Nf3 Nc6 3. d4 cxd4 4. Nxd4 Nf6 5. Nc3 d6 6. Be2 e6 7. Be3 Be7 8. 0-0 0-0 9. f4 e5 10. Nxc6 bxc6 11. f5 Bb7 12. Bf2 Qc8 13. Bd3 d5 14. Qf3 d4 15. Na4 c5 16. b3 Ba6 17. Nb2 Nd7 18. h4 Nb6 19. Bxa6 Qxa6 20. Nd3 Nd7 21. g4 h6 22. Be1 Qc6 23. Bg3 Bf6 24. Rf2 a5 25. Nb2 Nb6 26. Qd3 a4 27. Re1 axb3 28. axb3 Rfc8 29. Nc4 Nxc4 30. Qxc4 Rd8 31. Rd2 Rab8 32. Qd3 Rb4 33. Rdd1 c4 34. Qd2 Rdb8 35. g5 cxb3 36. gxf6 bxc2 37. Rc1 Qxf6 38. Rxc2 Rb3 39. Qh2 R8b5 40. Rec1 Re3 41. Qg2 d3 42. Bf2 dxc2 43. Bxe3 Qxh4 44. Bf2 Qf4 45. Qf1 Rb3 46. Qe1 Qg4+ 47. Kf1 Rh3 48. Bg1 Qf4+ 0-1

[Event "Bezmerov Bastinec Memorial-B"]
[Site "Bezmerov"]
[Date "2019.01.26"]
[Round "4"]
[White "Samohyl, Adam"]
[Black "Mudry, Jan"]
[Result "1/2-1/2"]
[WhiteElo "1243"]
[BlackElo "1662"]
[PlyCount "72"]
[EventDate "2019.01.25"]
[EventType "swiss"]
[EventRounds "6"]
[EventCountry "CZE"]
[SourceTitle "CBM 188 Extra"]
[Source "ChessBase"]
[SourceDate "2019.02.26"]
[SourceVersion "1"]
[SourceVersionDate "2019.02.26"]
[SourceQuality "1"]

1. e4 e5 2. Nf3 d6 3. Bc4 Bg4 4. Nc3 c6 5. h3 Bh5 6. g4 Bg6 7. d3 h6 8. Be3 Be7 9. Qd2 Nd7 10. 0-0-0 Ngf6 11. Kb1 b5 12. Bb3 a5 13. a3 b4 14. axb4 axb4 15. Na4 Qa5 16. Rdg1 c5 17. c3 Nb6 18. cxb4 cxb4 19. Bxb6 Qb5 20. Rc1 0-0 21. Qe3 Rxa4 22. Bxa4 Qxa4 23. Rc7 Bd8 24. Ra7 Qb3 25. Rb7 d5 26. Nxe5 dxe4 27. Nxg6 exd3 28. Nxf8 Qc2+ 29. Ka2 Qa4+ 30. Kb1 Qc2+ 31. Ka1 Qa4+ 32. Kb1 Qc2+ 33. Ka2 Qa4+ 34. Kb1 Qc2+ 35. Ka2 Qa4+ 36. Kb1 Qc2+ 1/2-1/2